000 00902 a2200229 4500
005 20260325122211.0
008 260325b |||||||| |||| 00| 0 eng d
020 _a9788173094804 (pbk)
037 _cTB
040 _aCRL
_cCRL
041 _2hin
_ahin
084 _aO152,2x Q1
_qCRL
100 _aसिंह, शरद
_9862983
245 _aगदर की चिंगारियाँ
260 _aदिल्ली, भारत:
_bसस्ता साहित्य मण्डल प्रकाशन,
_c2011.
300 _a262पृ.
365 _c150.00
_dINR
650 _aहिन्दी नाटक
650 _aहिन्दी साहित्य
942 _cTB
_2CC
_hO152,2x Q1
999 _c1467282
_d1467282